| 000 | 00989cam a2200301Mc 4500 | ||
|---|---|---|---|
| 001 | ocn864277518 | ||
| 005 | 20180810112257.0 | ||
| 008 | 130614s2013 sp a 000 0 spa d | ||
| 015 | _aMON1306 | ||
| 017 |
_aSE 554-2013 _bOficina Depósito Legal Sevilla |
||
| 020 | _a9788499933146 | ||
| 020 | _a8499933149 | ||
| 029 | 0 |
_aBNM _ba5364850 |
|
| 029 | 1 |
_aESLEO _b.b17794195 |
|
| 035 | _a(OCoLC)864277518 | ||
| 040 |
_aCo-BoUCM _bspa _cSaul Niño _dSaul Niño |
||
| 041 | 0 | _aspa | |
| 060 | _aQT 255 | ||
| 100 | 1 |
_aCarreras Duaigües, Josep _993309 |
|
| 245 | 1 | 0 |
_aActividad física para personas con discapacidades _cJosep Carreras Duaigües |
| 260 |
_aSevilla _bWanceulen _c2013 |
||
| 300 |
_a145 páginas _bilustraciones |
||
| 650 | 7 |
_aPersonas con discapacidad _xEjercicio _921433 |
|
| 650 | 7 |
_aEducación física para personas con discapacidades _913830 |
|
| 650 | 7 |
_aEducación especial _913824 |
|
| 942 |
_2NLM _a26 _cLIBRORESER _e1 _hQT 255 _mC314a |
||
| 999 |
_c310272 _d310272 |
||